| 000 | 00494nam a2200181Ia 4500 | ||
|---|---|---|---|
| 999 |
_c3365 _d3365 |
||
| 003 | OSt | ||
| 005 | 20200821141728.0 | ||
| 008 | 190216s9999||||xx |||||||||||||| ||und|| | ||
| 020 | _a8127219894 | ||
| 040 | _coclc | ||
| 082 |
_a668.9 _bNAY/P |
||
| 100 |
_aNayak, Padma L _94279 |
||
| 245 | 0 |
_aPolymer Science / _cPadma L Nayak |
|
| 260 |
_bKalyani Publishers, _c2005. _aLudhiana: |
||
| 300 | _a560p | ||
| 650 | _aChemistry | ||
| 942 |
_cBK _2ddc _h668.9 _iNAY/P _k668.9 _mNAY/P |
||